01119nab a22002297a 4500999001500000003000400015005001700019008004100036040000700077100003200084245008100116260004200197300001300239500003700252505030800289505008900597650002600686650001800712650002300730773012300753942001300876 c6396d6396OSt20260201174423.0190506c xxu||||| |||| 00| 0 spa d cPJ 97035aOrtiz, Daiana Lorena 10aFactores que alteran la salud mental del trabajador /cDaiana Lorena Ortiz.  aBuenos Aires :bAbeledoPerrot,c2023. ap. 15-18 aCita: TR LALEY AR/DOC/2207/2023  aSumario: I. Principios Constitucionales.— II. El estrés laboral.— III. Mobbing en el ámbito laboral.— IV. El trabajador con problemas de salud mental.— V. La violencia psicológica: la modalidad más impune y la complejidad probatoria.— VI. La violencia laboral.— VII. Bibliografía.  t¿Te interesa el texto completo? Comunicate al correo: koha@justierradelfuego.gov.ar 091316aDERECHO LABORAL 091578aMOBBING 091272aSALUD MENTAL0 0275193202dBuenos Aires : AbeledoPerrot, 2013-tRevista de derecho laboral y seguridad social. Nº 20 - Octubre 2023 2udccANA